Văn học và miền núi : Phê bình - tiểu luận

Na minha lista:
Detalhes bibliográficos
Autor principal: Lâm, Tiến
Formato: Livro
Idioma:Undetermined
Publicado em: Hà Nội Hội Nhà văn 2019
Assuntos:
Tags: Adicionar Tag
Sem tags, seja o primeiro a adicionar uma tag!
Thư viện lưu trữ: Trung tâm Học liệu Trường Đại học Cần Thơ
LEADER 00682nam a2200217Ia 4500
001 CTU_236093
008 210402s9999 xx 000 0 und d
082 |a 895.922434 
082 |b T305 
100 |a Lâm, Tiến 
245 0 |a Văn học và miền núi : 
245 0 |b Phê bình - tiểu luận 
245 0 |c Lâm Tiến 
260 |a Hà Nội 
260 |b Hội Nhà văn 
260 |c 2019 
650 |a Vietnamese literature,Văn học Việt Nam 
650 |x History and criticism,Lịch sử và phê bình 
650 |y 20th century,Thế kỷ 20 
910 |b dqhieu 
980 |a Trung tâm Học liệu Trường Đại học Cần Thơ